Countries With the Smallest Active Militaries - Statistics

General Stats
  • This quiz has been taken 34 times
  • The average score is 7 of 15
Answer Stats
Active Military Answer % Correct
0 Vatican city
86%
0 Costa Rica
75%
0 Iceland
68%
240 Antigua and Barbuda
57%
900 Luxembourg
57%
610 Barbados
50%
0 Mauritius
50%
0 Panama
50%
420 Seychelles
50%
1300 Bahamas
46%
1200 Cape Verde
46%
0 Vanuatu
46%
800 Gambia
21%
0 Libya
7%
0 Palestine
4%
No matching quizzes found
Score Distribution
Percent of People with Each Score
Percentile by Number Answered
Your Score History
You have not taken this quiz